Os Mutantes Discography - Statistics

General Stats
  • This quiz has been taken 3 times
  • The average score is 25 of 64
Answer Stats
Album Answer % Correct
Os Mutantes A Minha Menina
100%
A Divina Comédia Ando Meio Desligado
100%
Os Mutantes Ave Genghis Khan
100%
Os Mutantes Baby
100%
Jardim Elétrico Baby
100%
Os Mutantes E Seus Cometas Balada Do Louco
100%
A Divina Comédia Hey Boy
100%
Jardim Elétrico Jardim Elétrico
100%
Os Mutantes Le Premier Bonheur Du Jour
100%
A Divina Comédia Meu Refrigerador Não Funciona
100%
Os Mutantes O Relógio
100%
Os Mutantes Panis Et Circenses
100%
Os Mutantes Tempo No Tempo
100%
Os Mutantes Trem Fantasma
100%
Mutantes 2001 (Dois Mil E Um)
50%
Os Mutantes Adeus Maria Fulô
50%
Mutantes Algo Mais
50%
A Divina Comédia Ave Lúcifer
50%
Mutantes Banho De Lua
50%
Os Mutantes Bat Macumba
50%
A Divina Comédia Chão De Estrelas
50%
A Divina Comédia Desculpe Babe
50%
Mutantes Dia 36
50%
Mutantes Don Quixote
50%
A Divina Comédia Haleluia
50%
Jardim Elétrico It’s Very Nice Pra Xuxu
50%
Mutantes Não Vá Se Perder Por Aí
50%
A Divina Comédia Oh Mulher Infiel
50%
Os Mutantes E Seus Cometas Os Mutantes E Seus Cometas No País Do Baurets
50%
Tudo Foi Feito Pelo Sol Pitágoras
50%
A Divina Comédia Preciso Urgentemente Encontrar Um Amigo
50%
A Divina Comédia Quem Tem Medo De Brincar De Amor
50%
Os Mutantes Senhor F
50%
Jardim Elétrico Top Top
50%
Jardim Elétrico Virgínia
50%
Os Mutantes E Seus Cometas A Hora E A Vez Do Cabelo Nascer
0%
Tudo Foi Feito Pelo Sol Balada Do Amigo
0%
Os Mutantes E Seus Cometas Beijo Exagerado / Tudo Mundo Pastou
0%
Jardim Elétrico Benvinda
0%
Mutantes Caminhante Noturno
0%
Os Mutantes E Seus Cometas Cantor De Mambo
0%
Tudo Foi Feito Pelo Sol Cavaleiros Negros
0%
Tudo Foi Feito Pelo Sol Cidadão Da Terra
0%
Tudo Foi Feito Pelo Sol Deixe Entrar Um Pouco D’Agua No Quintal
0%
Tudo Foi Feito Pelo Sol Desanuviar
0%
Os Mutantes E Seus Cometas Dune Buggy
0%
Jardim Elétrico El Justiciero
0%
Tudo Foi Feito Pelo Sol Eu Só Penso Em Te Ajudar
0%
Mutantes Fuga No. II
0%
A Divina Comédia Jogo De Calçada
0%
Jardim Elétrico Lady, Lady
0%
Mutantes Mágica
0%
Tudo Foi Feito Pelo Sol O Contrário De Nada É Nada
0%
Jardim Elétrico Portugal De Navio
0%
Os Mutantes E Seus Cometas Posso Perder Minha Mulher, Minha Mãe, Desde Que Eu Tenho O Rock and Roll
0%
Mutantes Qualquer Bobagem
0%
Mutantes Rita Lee
0%
Os Mutantes E Seus Cometas Rua Augusta
0%
Jardim Elétrico Saravá
0%
Jardim Elétrico Tecnicolor
0%
Tudo Foi Feito Pelo Sol Tudo Bem
0%
Tudo Foi Feito Pelo Sol Tudo Foi Feito Pelo Sol
0%
Os Mutantes E Seus Cometas Tudo Mundo Pastou II
0%
Os Mutantes E Seus Cometas Vida De Cachorro
0%
No matching quizzes found
Score Distribution
Percent of People with Each Score
Percentile by Number Answered
Your Score History
You have not taken this quiz